State highway cost allocation studies / (Record no. 529981)

000 -LEADER
fixed length control field 02328cam a22005054a 4500
001 - CONTROL NUMBER
control field 15866997
003 - CONTROL NUMBER IDENTIFIER
control field NUST
005 - DATE AND TIME OF LATEST TRANSACTION
control field 20191008123317.0
008 - FIXED-LENGTH DATA ELEMENTS--GENERAL INFORMATION
fixed length control field 090813s2008 dcua bt f000 0 eng c
010 ## - LIBRARY OF CONGRESS CONTROL NUMBER
LC control number 2007910445
020 ## - INTERNATIONAL STANDARD BOOK NUMBER
International Standard Book Number 9780309098014 (pbk.)
020 ## - INTERNATIONAL STANDARD BOOK NUMBER
International Standard Book Number 0309098017 (pbk.)
035 ## - SYSTEM CONTROL NUMBER
System control number (OCoLC)ocn262846764
038 ## - RECORD CONTENT LICENSOR
Staff Name MSOHAIL
040 ## - CATALOGING SOURCE
Original cataloging agency JCR
Transcribing agency JCR
Modifying agency OHDOT
-- PAU
-- IQU
-- DLC
042 ## - AUTHENTICATION CODE
Authentication code pcc
043 ## - GEOGRAPHIC AREA CODE
Geographic area code n-us---
050 00 - LIBRARY OF CONGRESS CALL NUMBER
Classification number TE183
Item number .B35 2008
082 00 - DEWEY DECIMAL CLASSIFICATION NUMBER
Classification number 388..1120973
Edition number 22
100 1# - MAIN ENTRY--PERSONAL NAME
Personal name Balducci, Patrick.
9 (RLIN) 23143
245 10 - TITLE STATEMENT
Title State highway cost allocation studies /
Statement of responsibility, etc. consultants, Patrick Balducci and Joseph Stowers.
260 ## - PUBLICATION, DISTRIBUTION, ETC.
Place of publication, distribution, etc. Washington, D.C. :
Name of publisher, distributor, etc. Transportation Research Board,
Date of publication, distribution, etc. 2008.
300 ## - PHYSICAL DESCRIPTION
Extent 65 p. :
Other physical details ill. ;
Dimensions 28 cm.
490 1# - SERIES STATEMENT
Series statement NCHRP synthesis,
International Standard Serial Number 0547-5570 ;
Volume/sequential designation 378
500 ## - GENERAL NOTE
General note At head of title: National Cooperative Highway Research Program.
500 ## - GENERAL NOTE
General note "A synthesis of highway practice."
504 ## - BIBLIOGRAPHY, ETC. NOTE
Bibliography, etc. note Includes bibliographical references (p. 41-44).
530 ## - ADDITIONAL PHYSICAL FORM AVAILABLE NOTE
Additional physical form available note Also available online.
536 ## - FUNDING INFORMATION NOTE
Text of note Research sponsored by the American Association of State Highway and Transportation Officials in cooperation with the Federal Highway Administration
Project number NCHRP project 20-5, topic 38-04
650 #0 - SUBJECT ADDED ENTRY--TOPICAL TERM
Topical term or geographic name entry element Roads
Geographic subdivision United States
General subdivision States
-- Finance.
9 (RLIN) 21562
650 #0 - SUBJECT ADDED ENTRY--TOPICAL TERM
Topical term or geographic name entry element Motor fuels
General subdivision Taxation
Geographic subdivision United States
General subdivision States.
9 (RLIN) 21838
650 #0 - SUBJECT ADDED ENTRY--TOPICAL TERM
Topical term or geographic name entry element Transportation, Automotive
General subdivision Taxation
Geographic subdivision United States
General subdivision States.
9 (RLIN) 23144
650 #0 - SUBJECT ADDED ENTRY--TOPICAL TERM
Topical term or geographic name entry element Highway planning
General subdivision Economic aspects
Geographic subdivision United States
General subdivision States.
9 (RLIN) 23145
650 #0 - SUBJECT ADDED ENTRY--TOPICAL TERM
Topical term or geographic name entry element Cost allocation.
9 (RLIN) 23146
700 1# - ADDED ENTRY--PERSONAL NAME
Personal name Stowers, Joseph R.
9 (RLIN) 21633
710 2# - ADDED ENTRY--CORPORATE NAME
Corporate name or jurisdiction name as entry element National Research Council (U.S.).
Subordinate unit Transportation Research Board.
9 (RLIN) 23147
710 2# - ADDED ENTRY--CORPORATE NAME
Corporate name or jurisdiction name as entry element National Cooperative Highway Research Program.
9 (RLIN) 20864
710 2# - ADDED ENTRY--CORPORATE NAME
Corporate name or jurisdiction name as entry element American Association of State Highway and Transportation Officials.
9 (RLIN) 19553
710 1# - ADDED ENTRY--CORPORATE NAME
Corporate name or jurisdiction name as entry element United States.
Subordinate unit Federal Highway Administration.
9 (RLIN) 20149
830 #0 - SERIES ADDED ENTRY--UNIFORM TITLE
Uniform title Synthesis of highway practice ;
Volume/sequential designation 378.
9 (RLIN) 23148
856 41 - ELECTRONIC LOCATION AND ACCESS
Materials specified TRB access
Uniform Resource Identifier <a href="http://onlinepubs.trb.org/onlinepubs/nchrp/nchrp_syn_378.pdf">http://onlinepubs.trb.org/onlinepubs/nchrp/nchrp_syn_378.pdf</a>
906 ## - LOCAL DATA ELEMENT F, LDF (RLIN)
a 7
b cbc
c pccadap
d 2
e ncip
f 20
g y-gencatlg
942 ## - ADDED ENTRY ELEMENTS (KOHA)
Source of classification or shelving scheme
Koha item type Book
Holdings
Withdrawn status Lost status Source of classification or shelving scheme Damaged status Not for loan Permanent Location Current Location Date acquired Total Checkouts Full call number Barcode Date last seen Price effective from Koha item type
          School of Civil and Environmental Engineering (SCEE) School of Civil and Environmental Engineering (SCEE) 10/08/2019   388..1120973 NIT-11187 10/08/2019 10/08/2019 Book
© 2023 Central Library, National University of Sciences and Technology. All Rights Reserved.